000 00681nam a2200181Ia 4500
008 090630s9999 xx 000 0 und d
082 _b27024
100 _aजोशी वासंती नामदार.
245 _aलिंबू टिंबू.
_cजोशी वासंती नामदार.
260 _bरसिक आंतरभारती.
_c2006
300 _a0
600 _aजोशी वासंती नामदार.
630 _aलिंबू टिंबू.
655 _aबालवाङमय.
700 _aजोशी वासंती नामदार.
730 _aलिंबू टिंबू.
942 _cBOOK
999 _c278880
_d278880